Cultura e finanze : (Record n. 25996)
[ formato base ]
| 000 -LEADER | |
|---|---|
| fixed length control field | 00963nam a2200265 i 4500 |
| 003 - CONTROL NUMBER IDENTIFIER | |
| control field | IT-RoINE |
| 005 - DATE AND TIME OF LATEST TRANSACTION | |
| control field | 20180711071628.0 |
| 008 - FIXED-LENGTH DATA ELEMENTS--GENERAL INFORMATION | |
| fixed length control field | 900703s1983 it |r 1|||ita|d |
| 040 ## - CATALOGING SOURCE | |
| Original cataloging agency | SpMaBN |
| Transcribing agency | A2 IT-RoINE |
| Modifying agency | IT-RoINE |
| 041 0# - LANGUAGE CODE | |
| Language code of text/sound track or separate title | cat |
| -- | ger |
| -- | ita |
| -- | lat |
| -- | spa |
| 100 1# - MAIN ENTRY--PERSONAL NAME | |
| Personal name | Batllori, Miguel, |
| Titles and other words associated with a name | S.I., |
| Dates associated with a name | 1909-2003 |
| 9 (RLIN) | 6415 |
| 245 10 - TITLE STATEMENT | |
| Title | Cultura e finanze : |
| Remainder of title | studi sulla storia dei Gesuiti da S. Ignazio al Vaticano II / |
| Statement of responsibility, etc | Miguel Batllori, S.I. |
| 260 ## - PUBLICATION, DISTRIBUTION, ETC. (IMPRINT) | |
| Place of publication, distribution, etc | Roma : |
| Name of publisher, distributor, etc | Edizioni di storia e letteratura, |
| Date of publication, distribution, etc | 1983. |
| 300 ## - PHYSICAL DESCRIPTION | |
| Extent | 495 p. ; |
| Dimensions | 25 cm. |
| 336 ## - CONTENT TYPE | |
| Source | rdacontent |
| Content type term | text |
| 337 ## - MEDIA TYPE | |
| Source | rdamedia |
| Media type term | unmediated |
| 338 ## - CARRIER TYPE | |
| Source | rdacarrier |
| Carrier type term | volume |
| 490 1# - SERIES STATEMENT | |
| Series statement | Storia e Letteratura ; |
| Volume number/sequential designation | 158 |
| 500 ## - GENERAL NOTE | |
| General note | Incluye índices. |
| 504 ## - BIBLIOGRAPHY, ETC. NOTE | |
| Bibliography, etc | Incluye referencias bibliográficas en notas. |
| 546 ## - LANGUAGE NOTE | |
| Language note | Textos en alemán, catalán, español, italiano y latín. |
| 610 24 - SUBJECT ADDED ENTRY--CORPORATE NAME | |
| Corporate name or jurisdiction name as entry element | Jesuitas |
| 9 (RLIN) | 27045 |
| General subdivision | Historia |
| 830 #0 - SERIES ADDED ENTRY--UNIFORM TITLE | |
| 9 (RLIN) | 18565 |
| Uniform title | Storia e letteratura ; |
| Volume number/sequential designation | 158 |
| 942 ## - ADDED ENTRY ELEMENTS (KOHA) | |
| Item type | Monografías |
| Withdrawn status | Lost status | Damaged status | Not for loan | Home library | Current library | Date acquired | Total Checkouts | Full call number | Barcode | Date last seen | Price effective from | Koha item type |
|---|---|---|---|---|---|---|---|---|---|---|---|---|
| Iglesia Nacional Española en Roma | Iglesia Nacional Española en Roma | 11/07/2018 | HIS.ECL 198 | 51582 | 11/07/2018 | 11/07/2018 | Monografías |